000 00313nam a2200121Ia 4500
008 220901s9999||||xx |||||||||||||| ||und||
082 _a670 ASA
100 _aASAPP
245 0 _aIndustrial product finder Annual 2014
250 _aVol. 42 Issue No. 2B
260 _bASAPP
_c2014
650 _aProduction Technology
999 _c193806
_d193806